Property tax in Africa : (Record no. 122353)
[ view plain ]
| 000 -LEADER | |
|---|---|
| fixed length control field | 01780nam a2200445 i 4500 |
| 001 - CONTROL NUMBER | |
| control field | 991027378371607026 |
| 005 - DATE AND TIME OF LATEST TRANSACTION | |
| control field | 20260527150119.0 |
| 006 - FIXED-LENGTH DATA ELEMENTS--ADDITIONAL MATERIAL CHARACTERISTICS--GENERAL INFORMATION | |
| fixed length control field | m o d | |
| 007 - PHYSICAL DESCRIPTION FIXED FIELD--GENERAL INFORMATION | |
| fixed length control field | cr cnu|||||||| |
| 008 - FIXED-LENGTH DATA ELEMENTS--GENERAL INFORMATION | |
| fixed length control field | 190411s2017 mau ob 001 0 eng d |
| 020 ## - INTERNATIONAL STANDARD BOOK NUMBER | |
| ISBN | 9781558443631 |
| 020 ## - INTERNATIONAL STANDARD BOOK NUMBER | |
| ISBN | 1558443673 |
| 020 ## - INTERNATIONAL STANDARD BOOK NUMBER | |
| ISBN | 1558443657 |
| 035 ## - SYSTEM CONTROL NUMBER | |
| System control number | (CKB)4100000007265119 |
| 035 ## - SYSTEM CONTROL NUMBER | |
| System control number | (MiAaPQ)EBC5212208 |
| 035 ## - SYSTEM CONTROL NUMBER | |
| System control number | (EXLCZ)994100000007265119 |
| 040 ## - CATALOGING SOURCE | |
| Original cataloging agency | MiAaPQ |
| 041 ## - LANGUAGE CODE | |
| Language code of text/sound track or separate title | eng |
| 043 ## - GEOGRAPHIC AREA CODE | |
| Geographic area code | Africa |
| 082 0# - DEWEY DECIMAL CLASSIFICATION NUMBER | |
| Classification number | 336.22096 |
| 245 00 - TITLE STATEMENT | |
| Title | Property tax in Africa : |
| Subtitle | status, challenges, and prospects / |
| Statement of responsibility, etc | edited by Riël Franzsen and William McCluskey. |
| 250 ## - EDITION | |
| Edition statement | 1st ed. |
| 264 #1 - PRODUCTION, PUBLICATION, DISTRIBUTION, MANUFACTURE, AND COPYRIGHT NOTICE | |
| Place of production, publication, distribution, manufacture | Cambridge, Massachusetts : |
| Name of producer, publisher, distributor, manufacturer | Lincoln Institute of Land Policy, |
| Date of production, publication, distribution, manufacture, or copyright notice | [2017] |
| 264 #4 - PRODUCTION, PUBLICATION, DISTRIBUTION, MANUFACTURE, AND COPYRIGHT NOTICE | |
| Date of production, publication, distribution, manufacture, or copyright notice | ©2017 |
| 300 ## - PHYSICAL DESCRIPTION | |
| Physical description | 649 pages |
| 504 ## - BIBLIOGRAPHY, ETC. NOTE | |
| Bibliography, etc | Includes bibliographical references and index. |
| 520 ## - ABSTRACT | |
| Abstract | Overview of property tax systems across Africa. Reviews of salient features for 29 countries and four regions (Anglophone, Francophone, Lusophone, North African countries). Chapters offer in-depth discussion of key policy issues (tax base, exemptions and other relief, and tax rate), administrative issues (valuation and assessment, billing, collection, enforcement), and the future of the property tax in Africa |
| 650 #0 - KEYWORDS | |
| Keywords | Property tax |
| Geographic subdivision | Africa. |
| 650 #0 - KEYWORDS | |
| Keywords | Tax administration and procedure |
| Geographic subdivision | Africa. |
| 651 ## - SUBJECT ADDED ENTRY--GEOGRAPHIC NAME | |
| Geographic name | Africa |
| 690 ## - BROAD SUBJECT | |
| Broad subject | Finance & taxation |
| 9 (RLIN) | 6241 |
| 700 1# - ADDED PERSONAL NAME | |
| Added personal author | Franzsen, R. C. D. |
| Relator term | editor. |
| 700 1# - ADDED PERSONAL NAME | |
| Added personal author | McCluskey, William J., |
| Relator term | editor. |
| 942 ## - ADDED ENTRY ELEMENTS (KOHA) | |
| Suppress in OPAC | Do not suppress in OPAC |
| 336 ## - CONTENT TYPE | |
| Content type term | text |
| Content type code | txt |
| Source | rdacontent |
| 337 ## - MEDIA TYPE | |
| Media type term | computer |
| Media type code | c |
| Source | rdamedia |
| 338 ## - CARRIER TYPE | |
| Carrier type term | online resource |
| Carrier type code | cr |
| Source | rdacarrier |
| 588 ## - SOURCE OF DESCRIPTION NOTE | |
| Source of description note | Description based on print version record. |
| 776 ## - ADDITIONAL PHYSICAL FORM ENTRY | |
| International Standard Book Number | 1-55844-363-0 |
| Lost status | Damaged status | Not for loan | Home library | Current library | Shelving location | Date acquired | Total Checkouts | Full call number | Date last seen | Price effective from | Koha item type |
|---|---|---|---|---|---|---|---|---|---|---|---|
| London | London | Books | 27/05/2026 | 336.22096 | 27/05/2026 | 27/05/2026 | Book |